Joueurs d'Arsenal par photo - Statistiques

Statistiques générales
  • Ce quiz a été pris 98 fois
  • Le résultat moyen est 11 sur 16
Statistiques - réponses
Par images Réponse % Correct
Saka
98%
Saliba
98%
Odegaard
94%
Havertz
92%
Rice
91%
Martinelli
90%
Trossard
87%
White
84%
Raya
82%
Calafiori
80%
Timber
70%
Nwaneri
54%
Kiwior
53%
Lewis-Skelly
48%
Nichols
9%
Porter
7%
Aucun quiz correspondant
Distribution des résultats
% des personnes avec chaque résultat
Percentile par nombre de réponses
Votre historique - résultats
Vous n’avez pas pris ce quiz